Criminal law and its processes : (Record no. 832)

MARC details
000 -LEADER
fixed length control field 01012cam a2200289 a 4500
005 - DATE AND TIME OF LATEST TRANSACTION
control field 20260322212036.0
008 - FIXED-LENGTH DATA ELEMENTS--GENERAL INFORMATION
fixed length control field data
010 ## - LIBRARY OF CONGRESS CONTROL NUMBER
LC control number 2007000400
020 ## - INTERNATIONAL STANDARD BOOK NUMBER
International Standard Book Number 9780735557949 (hbk.)
020 ## - INTERNATIONAL STANDARD BOOK NUMBER
International Standard Book Number 0735557942 (hbk.)
040 ## - CATALOGING SOURCE
Original cataloging agency DLC
Transcribing agency DLC
Modifying agency DLC
-- C#P
-- BAKER
-- DLC
043 ## - GEOGRAPHIC AREA CODE
Geographic area code n-us---
050 00 - LIBRARY OF CONGRESS CALL NUMBER
Classification number KF9218
Item number .K3 2007
082 00 - DEWEY DECIMAL CLASSIFICATION NUMBER
Classification number 345.73
Edition information 22
092 ## - LOCALLY ASSIGNED DEWEY CALL NUMBER (OCLC)
Classification number 545.73 K3 2007
001 - CONTROL NUMBER
control field data
100 1# - MAIN ENTRY--PERSONAL NAME
Personal name Kadish, Sanford H.
245 10 - TITLE STATEMENT
Title Criminal law and its processes :
Remainder of title cases and materials /
Statement of responsibility, etc. Sanford H. Kadish, Stephen J. Schulhofer & Carol S. Steiker.
250 ## - EDITION STATEMENT
Edition statement 8th ed.
260 ## - PUBLICATION, DISTRIBUTION, ETC.
Place of publication, distribution, etc. Austin :
Name of publisher, distributor, etc. Wolters Kluwer Law & Business/Aspen Publishers,
Date of publication, distribution, etc. c2007.
300 ## - PHYSICAL DESCRIPTION
Extent xliii, 1173 p. :
Other physical details ill. ;
Dimensions 27 cm.
504 ## - BIBLIOGRAPHY, ETC. NOTE
Bibliography, etc. note Includes bibliographical references (p. 1143-1168) and index.
650 #0 - SUBJECT ADDED ENTRY--TOPICAL TERM
Topical term or geographic name entry element Criminal law
Geographic subdivision United States
Form subdivision Cases.
700 1# - ADDED ENTRY--PERSONAL NAME
Personal name Schulhofer, Stephen J.
700 1# - ADDED ENTRY--PERSONAL NAME
Personal name Steiker, Carol S.
Fuller form of name (Carol Susan)
856 41 - ELECTRONIC LOCATION AND ACCESS
Materials specified Table of contents only
Uniform Resource Identifier <a href="http://www.loc.gov/catdir/toc/ecip078/2007000400.html">http://www.loc.gov/catdir/toc/ecip078/2007000400.html</a>
Holdings
Withdrawn status Lost status Damaged status Not for loan Home library Current library Shelving location Date acquired Total checkouts Full call number Barcode Date last seen Price effective from Koha item type
        Liberty Liberty General stacks 22/03/2026   345.73 22 BC0010856 22/03/2026 22/03/2026 Books